| 000 | 00511nam a2200217Ia 4500 | ||
|---|---|---|---|
| 003 | 0100 | ||
| 008 | 130227s9999 xx 000 0 und d | ||
| 020 | _a1902683528 | ||
| 040 | _cARRUPELIB | ||
| 050 | _aB2430.M3764.M377 2002 | ||
| 100 | _aMatthews, Eric | ||
| 245 | 4 | _aThe Philosophy of Merleau-Ponty | |
| 260 | _aChesham | ||
| 260 | _bAcumen | ||
| 260 | _C2002 | ||
| 300 | _av | ||
| 300 | _b 23cm | ||
| 440 | _aContinental European philosophy | ||
| 650 | _bHistory - Philosophy | ||
| 942 |
_2lcc _01 |
||
| 999 |
_c4057 _d4057 |
||